| 000 | 01134nam a2200277 a 4500 | ||
|---|---|---|---|
| 001 | 000038161 | ||
| 003 | DO-SdBNP | ||
| 005 | 20250502073820.0 | ||
| 008 | 130320s2006 dr a r 000 0 spa d | ||
| 040 |
_aDO-SdBNP _bspa _cBNPHU |
||
| 082 | 4 |
_a352.64 _bR426m, 2006 |
|
| 110 | 1 |
_aRepública Dominicana. _bOficina Nacional de Administración y Personal _926398 |
|
| 245 | 1 | 0 | _aManual para la organización de las oficinas de recursos humanos del sector público. |
| 250 | _a2ª ed. | ||
| 260 |
_aSanto Domingo : _bONAP, _c2006. _fLozano |
||
| 300 |
_a115 p. : _bil. ; _c21 cm. |
||
| 590 | _aInventariado, 2018/BT | ||
| 650 | 4 |
_aReglamentos de trabajo _zRepública Dominicana _xManuales _964527 |
|
| 650 | 0 |
_aAdministración de personal _zRepública Dominicana _91581 |
|
| 650 | 4 |
_aFunción pública _xProductividad gubernamental _zRepública Dominicana _964529 |
|
| 650 | 4 |
_aEconomía del trabajo _zRepública Dominicana _945311 |
|
| 650 | 4 |
_aRelaciones industriales _zRepública Dominicana _923654 |
|
| 651 | 4 |
_aRepública Dominicana _xAdministración Pública _9657 |
|
| 910 | _aValidado. Control de calidad. EMS | ||
| 942 |
_2ddc _cLBS1 |
||
| 999 |
_c37651 _d37651 |
||